000
00252nam a22000977a 4500
999
_c
516909
_d
516909
082
_a
TNC
100
_a
Somany, Ganga
_9
23743
245
_a
Hinduism :
_b
An illustrative introduction
_c
by Ganga Somany
260
_a
New Delhi
_b
S.S.M.P.
_c
2018
300
_a
v.p.